Statistics for Countries with the Most Buddhists

Click here to take the quiz!

General Stats

  • This quiz has been taken 162 times
  • The average score is 32 of 40

Answer Stats

#Buddhist PopulationCountry% Correct
1244,130,000China
99%
99,250,000India
99%
345,820,000Japan
98%
171,700,000Indonesia
97%
811,050,000South Korea
96%
264,420,000Thailand
96%
614,380,000Vietnam
96%
124,092,000Laos
95%
438,410,000Myanmar
95%
133,800,023USA
95%
713,701,700Cambodia
94%
21563,000Bhutan
90%
105,620,840Malaysia
90%
143,134,300Nepal
90%
514,450,000Sri Lanka
90%
25253,600UK
90%
191,010,000Bangladesh
88%
24300,340Canada
88%
181,520,760Mongolia
86%
151,851,000Singapore
86%
20600,000France
85%
26243,000Germany
84%
161,750,000Russia
84%
22529,000Australia
82%
114,962,000Taiwan
81%
23375,000North Korea
80%
3647,000Philippines
78%
4035,690Brunei
75%
3370,000New Zealand
75%
3182,000Kazakhstan
74%
28123,000Italy
73%
30108,000Mexico
73%
27194,900South Africa
65%
3936,000Sweden
58%
29109,460UAE
54%
3563,000Qatar
47%
3275,000Kuwait
44%
3465,000Portugal
41%
3745,000Ukraine
41%
3838,000Senegal
9%

Score Distribution

Percentile by Number Answered

Percent of People with Each Score

Your Score History

You have not taken this quiz